Nueva encuesta nacional de hogares: Cifras básicas sobre fuerza de trabajo, pobreza e ingresos, julio 2010 /
Guardado en:
| Autor Corporativo: | |
|---|---|
| Formato: | Libro |
| Lenguaje: | Spanish |
| Publicado: |
San José, Costa Rica:
Instituto Nacional de Estadística y Censos, INEC
2010
|
| Acceso en línea: | https://inec.cr/wwwisis/documentos/ENAHO/CBFT_Julio_2010.pdf |
| Etiquetas: |
Agregar Etiqueta
Sin Etiquetas, Sea el primero en etiquetar este registro!
|
MARC
| LEADER | 00000nam a22000007a 4500 | ||
|---|---|---|---|
| 003 | cru CIDCACS/IIS | ||
| 005 | 20240701164903.0 | ||
| 008 | 240701b2010 cr ||||| |||| 00| 0 spa d | ||
| 040 | |a cru CIDCACS/IIS |b spa |c cru CIDCACS/IIS | ||
| 090 | |a I59n | ||
| 110 | 2 | |a Instituto Nacional de Estadística y Censos, INEC (Costa Rica) |9 5651 | |
| 245 | |a Nueva encuesta nacional de hogares: |b Cifras básicas sobre fuerza de trabajo, pobreza e ingresos, julio 2010 / |c Instituto Nacional de Estadística y Censos (INEC) |h [impreso] | ||
| 260 | |a San José, Costa Rica: |b Instituto Nacional de Estadística y Censos, INEC |c 2010 | ||
| 300 | |a 22 páginas | ||
| 650 | |2 TESAUROS | ||
| 856 | |u https://inec.cr/wwwisis/documentos/ENAHO/CBFT_Julio_2010.pdf | ||
| 942 | |2 z |c PP |h I59n |i 12634 |6 I59N_12634 | ||
| 999 | |c 45850 |d 45850 | ||
| 773 | 0 | |0 40460 |9 11303 |a Instituto Nacional de Estadística y Censos, INEC (Costa Rica) |d Costa Rica: INEC, 2012- |o 12634 |t Encuesta Nacional de Hogares: |x 22153381 | |
